Prénom dans Harry Potter finissant par -n - Statistiques

Statistiques générales
  • Ce quiz a été pris 112 fois
    103 depuis la dernière actualisation
  • Le résultat moyen est 11 sur 19
Statistiques - réponses
Nom de famille Prénom % Correct
Dursley Vernon
93%
Thomas Dean
89%
Weasley (surnom) Ron (Ronald)
81%
Dolohov Antonin
76%
Rocade Stan
76%
Bones Susan
69%
Prewett Fabian
64%
Rosier Evan
63%
Prewett Gideon
61%
Gaunt Morfin
58%
Black Orion
57%
Prince Eileen
56%
Fortarôme Florian
54%
Lestrange Rabastan
49%
Yaxley Corban
39%
Dawlish John
29%
Macnair Walden
26%
Rowle Thorfinn
22%
Bole Lucien
15%
Aucun quiz correspondant
Distribution des résultats
% des personnes avec chaque résultat
Percentile par nombre de réponses
Votre historique - résultats
Vous n’avez pas pris ce quiz depuis la dernière actualisation